| 000 | 00496cam a2200193ua 4500 | ||
|---|---|---|---|
| 001 | 6655 | ||
| 008 | 140308n ii |||gr||||Z||||||eng | ||
| 020 | _a978-81-920658-0-9 | ||
| 040 | _cMAIN | ||
| 082 | _a338.04 | ||
| 245 | _aEntrepreneurship for rural development | ||
| 250 | _a1st ed. | ||
| 260 |
_aJorhat: _bAsom jatiya prokash, _c2011. |
||
| 300 | _ax,250p. | ||
| 653 | _aProduction | ||
| 653 | _aEntrepreneurship for rural development | ||
| 700 |
_aSaikia,Apurba, _eAuthor. |
||
| 942 | _cBK | ||
| 999 |
_c5804 _d5804 |
||